| 000 | 00466nam a22001457a 4500 | ||
|---|---|---|---|
| 020 | _a81-7797-088-7 | ||
| 082 |
_a001 _bTEJ/V |
||
| 100 | _aDASH TEJASWINI | ||
| 245 | _aVIRTUAL LAB | ||
| 260 |
_aTRIVANDRUM _bSISO BOOKS _c2005 |
||
| 300 | _a240 | ||
| 520 | _aTHIS BOOK CONTAINS EXPERIMENTS FOR ALL LEVELS OF SCHOOL CHILDREN, SIMPLE AS WELL AS COMPLICATES EXPERIMENTS IN SCIENCE USING MATERIALS AVAILABLE AT HOME | ||
| 650 |
_aSCIENCE EXPERIMENTS _zINDIA |
||
| 942 | _cBK | ||
| 999 |
_c1925 _d1925 |
||